| 000 | 00484nam a2200157Ia 4500 | ||
|---|---|---|---|
| 008 | 151021s9999 xx 000 0 und d | ||
| 020 | _a9.7807494524e+012 | ||
| 050 | _aHF5549.17.A76 2009 | ||
| 245 | _a_Armstrong's Handbook of Human Resource Management Michael Armstrong | ||
| 250 | _a11th ed. | ||
| 260 | _aLondon Kogan Page 2009 | ||
| 300 | _axxv,1057p. | ||
| 500 | _aincludes index | ||
| 650 | _a_Human Resource Management Practice | ||
| 980 | _a^d20101210 10:17:31^okorir | ||
| 999 |
_c5618 _d5618 |
||